| 000 | 00445nam a2200157 i 4500 | ||
|---|---|---|---|
| 001 | 93463 | ||
| 003 | ES-MaACL | ||
| 005 | 20230906181230.0 | ||
| 007 | t| | ||
| 008 | 050527s1888 sp ||||1| spa d | ||
| 245 | 0 | 3 | _aEl contrato de compra-venta de las minas de Río-Tinto. |
| 260 |
_aMadrid : _b[s.n.], _c1888 ( _fImp. Fortanet) |
||
| 300 |
_a53 p. ; _c22 cm. |
||
| 650 |
_aMinería- _zMinas de Riotinto. _915059 |
||
| 852 |
_aES-MaACL _jT-463-F-3 |
||
| 999 |
_c93463 _d93463 |
||